000 00669nam a2200253Ia 4500
005 20250425162608.0
008 250425s9999 xx 000 0 und d
020 _a0471303526
041 _aeng
082 _a371.4042
100 _aFAHEY, LIAM & RANDALL, ROBERT M.
245 0 _aLEARNING FROM THE FUTURE: COMPETITIVE FORESIGHT
250 _aS.E.
260 _aEstados Unidos
_bFAHEY, LIAM; RANDAL ROBERT M.
_c1998
260 _aNEW YORK
_bWILEY
300 _a431
500 _aDonado por la Dra. Virginia Lasio
650 _aAPRENDIZAJE
650 _aNEGOCIOS
650 _aPROCESOS
710 _aJOHN WILLEY & SONS
942 _c01
010 _a88230
999 _c232478
_d232478